| 000 | 00530nam a2200169 4500 | ||
|---|---|---|---|
| 001 | 116232 | ||
| 003 | ES-MaACL | ||
| 007 | t| | ||
| 008 | 061121s1969 mx r ||||1| spa d | ||
| 100 | 1 |
_aParker, Don H. _989175 |
|
| 245 | 1 | 3 |
_aLa enseñanza a multinivel _b: desarrollo máximo para el alumno / _cDon H. Parker ; [traducida por Salvador Sumano]. |
| 250 | _a[1ª ed.]. | ||
| 260 |
_aMéxico, D. F. : _bPax, _c1969. |
||
| 300 |
_a380 p. ; _c20 cm. |
||
| 700 | 1 |
_aSumano, Salvador. _9108770 |
|
| 852 |
_aES-MaACL _jE-9260 _bR.93781 |
||
| 999 |
_c116232 _d116232 |
||